Políticos españoles #2 - Estadísticas

Estadísticas generales
  • Esta prueba ha sido intentada 139 veces
    110 desde el último reinicio
  • La puntuación promedio es 9 de 17
Estadísticas de respuestas
Imagen Respuesta % Correcto
Isabel Díaz Ayuso
96%
Carlos Mazón
90%
Emiliano García-Page
72%
Juanma Moreno
68%
Alfonso Rueda
65%
María Guardiola
56%
Alfonso Fernández Mañueco
55%
María Chivite
49%
Adrián Barbón
46%
Fernando López Miras
45%
Imanol Pradales
45%
Marga Prohens
42%
Jorge Azcón
41%
Fernando Clavijo
32%
María José Sáenz de Buruaga
26%
Gonzalo Capellán
23%
Salvador Illa Roca
19%
No se encontraron pruebas coincidentes
Distribución de puntuación
Porcentaje de gente con cada puntuación
Porcentaje por número respondido
Historial de tus puntuaciones
No has intentado esta prueba desde el último reinicio